000 00575nam a2200205 i 4500
001 80572
003 ES-MaACL
005 20260616130210.0
007 t|
008 041028s1950 sp ||||1| spa d
100 0 _aHomero
_964112
245 1 0 _aHomero escolar /
_cselección y notas por D. Mayor.
260 _a[S.l. :
_bs.n.,
_c1950] (
_eBurgos :
_fAldecoa)
300 _a180 p. ;
_c17 cm.
490 1 _aBibliotheca Comillensis
700 1 _aMayor, D.
_979404
830 0 _aBibliotheca Comillensis
_9183667
852 _aES-MaACL
_jD-5699
_bR.30030
999 _c80572
_d80572